[Event "Remote-ch Class1 email"]
[Site "Remote email"]
[Date "2014.04.20"]
[Round "?"]
[White "Penzler, Frank"]
[Black "Sachse, Steffen"]
[Result "1/2-1/2"]
[WhiteElo "2428"]
[BlackElo "2492"]
[PlyCount "35"]
[EventDate "2014.??.??"]
[EventType "tourn (corr)"]
[EventRounds "9"]
[EventCountry "GER"]
[SourceTitle "Corr 2015"]
[Source "ChessBase"]
[SourceDate "2015.07.17"]
[SourceVersion "1"]
[SourceVersionDate "2015.07.17"]
[SourceQuality "1"]

1. d4 Nf6 2. Bg5 d5 3. e3 c5 4. Bxf6 exf6 5. Nc3 Nc6 6. Nge2 Be6 7. Qd2 Qa5 8. a3 Rc8 9. dxc5 Bxc5 10. Rd1 Bb6 11. Nf4 d4 12. Nxe6 fxe6 13. Nb5 Qxd2+ 14. Rxd2 dxe3 15. Nd6+ Kf8 16. fxe3 Rb8 17. Kf2 Rd8 18. Be2 1/2-1/2

[Event "Remote 4 Seasons Spring email"]
[Site "Remote email"]
[Date "2014.04.15"]
[Round "?"]
[White "Penzler, Frank"]
[Black "Rosche, Ernst"]
[Result "1/2-1/2"]
[WhiteElo "2428"]
[BlackElo "2494"]
[PlyCount "97"]
[EventDate "2014.??.??"]
[EventType "tourn (corr)"]
[EventRounds "11"]
[EventCountry "GER"]
[SourceTitle "Corr 2015"]
[Source "ChessBase"]
[SourceDate "2015.07.17"]
[SourceVersion "1"]
[SourceVersionDate "2015.07.17"]
[SourceQuality "1"]

1. Nf3 c5 2. g3 Nc6 3. Bg2 e5 4. c4 Nf6 5. Nc3 Be7 6. 0-0 0-0 7. d3 d6 8. a3 h6 9. Rb1 Bg4 10. b4 Rb8 11. h3 Bf5 12. b5 Nd4 13. Nh2 Qd7 14. e3 Ne6 15. e4 Bh7 16. f4 Nd4 17. f5 Bd8 18. h4 Ne8 19. Bd2 Kh8 20. Ng4 f6 21. Ne2 b6 22. a4 Nc7 23. Nh2 a6 24. g4 Ra8 25. Nxd4 cxd4 26. Nf3 axb5 27. axb5 Be7 28. h5 Ra3 29. Bc1 Ra7 30. Nh4 Rfa8 31. Qb3 Ne8 32. Ng6+ Bxg6 33. hxg6 Ra2 34. Kh2 R8a5 35. Bb2 Qa7 36. Rbe1 d5 37. exd5 Bc5 38. Rf2 Qe7 39. Bf3 Kg8 40. Rfe2 Nd6 41. Kg2 Qa7 42. Bc1 h5 43. Bb2 R5a4 44. Rb1 Kf8 45. Qd1 hxg4 46. Bxg4 Ke8 47. Kh1 Kd8 48. Rh2 Qe7 49. Qf1 1/2-1/2

[Event "Remote email"]
[Site "Remote email"]
[Date "2014.03.25"]
[Round "?"]
[White "Allerberger, Peter"]
[Black "Penzler, Frank"]
[Result "1/2-1/2"]
[WhiteElo "2523"]
[BlackElo "2423"]
[PlyCount "47"]
[EventDate "2014.??.??"]
[EventType "tourn (corr)"]
[EventRounds "6"]
[EventCountry "GER"]
[SourceTitle "Corr 2015"]
[Source "ChessBase"]
[SourceDate "2015.07.17"]
[SourceVersion "1"]
[SourceVersionDate "2015.07.17"]
[SourceQuality "1"]

1. e4 c5 2. Nf3 Nc6 3. Bb5 g6 4. 0-0 Bg7 5. Nc3 e5 6. d3 Nge7 7. Bc4 0-0 8. Re1 d6 9. Bg5 h6 10. Bxe7 Nxe7 11. a4 Rb8 12. Qe2 Kh7 13. Nd5 b6 14. h3 Nxd5 15. Bxd5 Bd7 16. Reb1 Rc8 17. b4 cxb4 18. Rxb4 Rc3 19. Qd2 Rc5 20. c4 Ra5 21. Qb2 Bf6 22. Nd2 Qc8 23. Nb3 Ra6 24. Qb1 1/2-1/2

[Event "Remote Pyramide email"]
[Site "Remote email"]
[Date "2013.06.23"]
[Round "?"]
[White "Nettelbeck, Joachim"]
[Black "Penzler, Frank"]
[Result "1/2-1/2"]
[WhiteElo "2450"]
[BlackElo "2447"]
[PlyCount "83"]
[EventDate "2013.??.??"]
[EventType "tourn (corr)"]
[EventRounds "6"]
[EventCountry "GER"]
[SourceTitle "Corr 2015"]
[Source "ChessBase"]
[SourceDate "2015.07.17"]
[SourceVersion "1"]
[SourceVersionDate "2015.07.17"]
[SourceQuality "1"]

1. b3 e5 2. Bb2 Nc6 3. e3 Nf6 4. Nf3 e4 5. Nd4 Bc5 6. d3 0-0 7. Nxc6 dxc6 8. Nd2 exd3 9. Bxd3 Bg4 10. Qc1 Nd5 11. 0-0 f5 12. Nc4 Qg5 13. f4 Qe7 14. Bd4 Rad8 15. Qd2 Bxd4 16. exd4 Qb4 17. Qf2 Qc3 18. Ne5 Bh5 19. a4 a6 20. h3 Rd6 21. a5 Bf7 22. Ra4 Nb4 23. Bxf5 c5 24. dxc5 Rd2 25. Qh4 h6 26. Qg4 Nd5 27. Nc4 Rd4 28. c6 bxc6 29. Qh4 Be8 30. Rf3 Rd1+ 31. Kh2 Qe1 32. Qxe1 Rxe1 33. Bd3 c5 34. Nb2 Bxa4 35. Nxa4 Nb4 36. Bc4+ Kh8 37. c3 Nc6 38. Nxc5 Nxa5 39. Bxa6 Rf6 40. Bb5 Rb6 41. c4 Nb7 42. Nd3 1/2-1/2

[Event "Remote-ch Class1 email"]
[Site "Remote email"]
[Date "2013.04.01"]
[Round "?"]
[White "Penzler, Frank"]
[Black "Faber, Hans Alban"]
[Result "1-0"]
[WhiteElo "2447"]
[BlackElo "2443"]
[PlyCount "161"]
[EventDate "2013.??.??"]
[EventType "tourn (corr)"]
[EventRounds "6"]
[EventCountry "GER"]
[SourceTitle "Corr 2015"]
[Source "ChessBase"]
[SourceDate "2015.07.17"]
[SourceVersion "1"]
[SourceVersionDate "2015.07.17"]
[SourceQuality "1"]

1. e4 c5 2. Nf3 d6 3. d4 cxd4 4. Nxd4 Nf6 5. Nc3 a6 6. Bg5 e6 7. f4 Nbd7 8. Qe2 Qc7 9. 0-0-0 Be7 10. g3 b5 11. Bg2 b4 12. e5 bxc3 13. Bxa8 dxe5 14. fxe5 Nd5 15. Bxe7 cxb2+ 16. Kxb2 Nxe7 17. Be4 0-0 18. Rhe1 h6 19. Nb3 Bb7 20. Bxb7 Qxb7 21. Qe4 Qc7 22. Qd4 Nb6 23. Ka1 Nf5 24. Qc5 Qa7 25. g4 Rc8 26. Qf2 Qc7 27. c4 Ne7 28. Qd4 Qxc4 29. Rc1 Qxd4+ 30. Nxd4 Ra8 31. h4 Nbd5 32. Nf3 Ra7 33. Re2 g6 34. a3 Kg7 35. Ka2 Rd7 36. Re4 Rd8 37. Ra4 Ra8 38. Rd4 Rh8 39. Rd3 h5 40. gxh5 Rxh5 41. Rb3 Nf5 42. Rc4 Nfe3 43. Rc6 Rf5 44. Ng5 Ng4 45. Rb7 Nxe5 46. Rxe6 Nd3 47. Ne4 Nf2 48. Nxf2 Rxf2+ 49. Kb1 Rf1+ 50. Kc2 Rf2+ 51. Kc1 Nf4 52. Rd6 Rf3 53. a4 Nd3+ 54. Kd2 Nc5 55. Rb4 Rf2+ 56. Kc3 Rf3+ 57. Kc4 a5 58. Rb2 Ne6 59. Kb5 Rf5+ 60. Kb6 Rh5 61. Rdd2 Kf6 62. Rh2 Nd4 63. Rhf2+ Ke7 64. Rf4 Rd5 65. Rg4 Ke6 66. Rb1 Ke7 67. Rg5 Nf5 68. h5 Kf6 69. Rg2 Ne3 70. Rf2+ Kg7 71. hxg6 fxg6 72. Rb5 Nc4+ 73. Kc6 Rd4 74. Rb7+ Kh6 75. Kc5 Rh4 76. Re2 Na3 77. Rb3 Rh5+ 78. Kd4 Rh4+ 79. Kd5 Rh5+ 80. Re5 Nc2 81. Rxh5+ 1-0

[Event "Remote-chT2 Bd.2/2 email"]
[Site "Remote email"]
[Date "2013.02.15"]
[Round "?"]
[White "Scheiba, Manfred"]
[Black "Penzler, Frank"]
[Result "1/2-1/2"]
[WhiteElo "2511"]
[BlackElo "2447"]
[PlyCount "61"]
[EventDate "2013.??.??"]
[EventType "tourn (corr)"]
[EventRounds "8"]
[EventCountry "GER"]
[SourceTitle "Corr 2015"]
[Source "ChessBase"]
[SourceDate "2015.07.17"]
[SourceVersion "1"]
[SourceVersionDate "2015.07.17"]
[SourceQuality "1"]

1. d4 d5 2. c4 c6 3. Nf3 Nf6 4. Nc3 e6 5. Bg5 dxc4 6. e4 b5 7. e5 h6 8. Bh4 g5 9. Nxg5 hxg5 10. Bxg5 Nbd7 11. g3 Bb7 12. exf6 c5 13. d5 Qb6 14. Bg2 0-0-0 15. 0-0 b4 16. Rb1 Qa6 17. dxe6 Bxg2 18. e7 Bxf1 19. Kxf1 Bxe7 20. fxe7 Rdg8 21. Ne4 Rxg5 22. Nxg5 Re8 23. Qd5 Rxe7 24. Kg1 f6 25. Ne4 Kc7 26. Nd2 Qxa2 27. h4 Re5 28. Qxc4 Qxc4 29. Nxc4 Re8 30. Ra1 Kc6 31. Kg2 1/2-1/2

[Event "CP-Remote email"]
[Site "Remote email"]
[Date "2013.02.10"]
[Round "?.5"]
[White "Gudzovaty, Yury Vasilievich"]
[Black "Penzler, Frank"]
[Result "1/2-1/2"]
[WhiteElo "2407"]
[BlackElo "2391"]
[PlyCount "120"]
[EventDate "2013.??.??"]
[EventType "team-match (corr)"]
[EventRounds "2"]
[EventCountry "GER"]
[SourceTitle "Corr 2015"]
[Source "ChessBase"]
[SourceDate "2015.07.17"]
[SourceVersion "1"]
[SourceVersionDate "2015.07.17"]
[SourceQuality "1"]
[WhiteTeam "ChessPlanet"]
[BlackTeam "Remote"]

1. e4 e5 2. Bc4 Nc6 3. Nf3 Nf6 4. d3 Be7 5. c3 0-0 6. 0-0 d5 7. exd5 Nxd5 8. Re1 Bf6 9. Bb3 Bf5 10. Bc2 Nde7 11. Ng5 Bxg5 12. Bxg5 f6 13. Be3 Re8 14. Qe2 Qd7 15. Nd2 Rad8 16. Ne4 b6 17. Rad1 Nd5 18. Bc1 Qf7 19. d4 exd4 20. Qb5 Re6 21. f3 Bg6 22. a3 Qd7 23. Ba4 Be8 24. Qf1 Qc8 25. cxd4 Nce7 26. Bb3 Bf7 27. Qd3 c6 28. Be3 Qd7 29. Bf2 Ng6 30. g3 Ree8 31. Bc2 Nf8 32. Ba4 Ne7 33. Qc3 Bd5 34. Qd3 Bf7 35. Qc3 Bd5 36. Qd3 Bf7 37. Kg2 Ne6 38. Qc2 Nc7 39. h4 Ncd5 40. Rc1 Rc8 41. Qd3 Bg6 42. Qd2 Bf7 43. Bc2 Rcd8 44. Bb1 Bg6 45. Ba2 Kh8 46. Nc3 Bf7 47. Qc2 Rc8 48. Re2 Bh5 49. Rce1 Bg6 50. Qd1 Rcd8 51. Qd2 Kg8 52. Bc4 a5 53. Qc1 Kh8 54. Bb3 Kg8 55. Ba2 h5 56. Bb3 Kh7 57. Bc4 Nc7 58. Bb3 Ned5 59. Ne4 Kh8 60. Ba2 Bf5 1/2-1/2

[Event "CP-Remote email"]
[Site "Remote email"]
[Date "2013.02.10"]
[Round "?.5"]
[White "Penzler, Frank"]
[Black "Gudzovaty, Yury Vasilievich"]
[Result "1/2-1/2"]
[WhiteElo "2391"]
[BlackElo "2407"]
[PlyCount "42"]
[EventDate "2013.??.??"]
[EventType "team-match (corr)"]
[EventRounds "2"]
[EventCountry "GER"]
[SourceTitle "Corr 2015"]
[Source "ChessBase"]
[SourceDate "2015.07.17"]
[SourceVersion "1"]
[SourceVersionDate "2015.07.17"]
[SourceQuality "1"]
[WhiteTeam "Remote"]
[BlackTeam "ChessPlanet"]

1. Nf3 d5 2. c4 c6 3. e3 Nf6 4. Nc3 e6 5. b3 Bd6 6. Bb2 0-0 7. d4 Nbd7 8. Be2 b6 9. 0-0 Bb7 10. Qc2 Qe7 11. Rad1 Rfe8 12. h3 Rad8 13. Rfe1 h6 14. e4 Nxe4 15. Nxe4 dxe4 16. Qxe4 Bb4 17. Rf1 Bd6 18. Ne5 f5 19. Qf3 Nxe5 20. dxe5 Bc5 21. Bc3 Rxd1 1/2-1/2

[Event "BL-Remote email"]
[Site "Remote email"]
[Date "2013.02.10"]
[Round "?.5"]
[White "Penzler, Frank"]
[Black "Rudyak, Ivan Dmitrievich"]
[Result "1/2-1/2"]
[WhiteElo "2391"]
[BlackElo "2400"]
[PlyCount "148"]
[EventDate "2013.??.??"]
[EventType "team-match (corr)"]
[EventRounds "2"]
[EventCountry "GER"]
[SourceTitle "Corr 2015"]
[Source "ChessBase"]
[SourceDate "2015.07.17"]
[SourceVersion "1"]
[SourceVersionDate "2015.07.17"]
[SourceQuality "1"]
[WhiteTeam "Remote"]
[BlackTeam "Bestlogic"]

1. e4 c5 2. Nf3 d6 3. d4 cxd4 4. Nxd4 Nf6 5. Nc3 a6 6. Be3 e5 7. Nb3 Be6 8. f3 h5 9. Qd2 Nbd7 10. Nd5 Nxd5 11. exd5 Bf5 12. Be2 Be7 13. 0-0 0-0 14. Na5 Qc7 15. c4 Nf6 16. b4 Rfe8 17. Rad1 Rad8 18. Bf2 Qd7 19. a3 e4 20. Bd4 Rc8 21. fxe4 Nxe4 22. Qb2 g6 23. Bd3 Bg5 24. Qc2 Re7 25. Rde1 Nd2 26. Bxf5 gxf5 27. Rxe7 Qxe7 28. Qxf5 Re8 29. h4 Nxf1 30. Qxg5+ Qxg5 31. hxg5 Ng3 32. Bb6 Re7 33. c5 Nf5 34. Nc4 dxc5 35. d6 Nxd6 36. Nxd6 cxb4 37. axb4 Re6 38. Bc7 Re1+ 39. Kf2 Rb1 40. Ba5 b6 41. Bxb6 Rxb4 42. Ba5 Rf4+ 43. Ke3 Rg4 44. Ne4 Rxg2 45. Nf6+ Kh8 46. Nxh5 Rxg5 47. Bc3+ Kh7 48. Nf6+ Kg6 49. Nd7 Rg2 50. Ne5+ Kf6 51. Nd3+ Kf5 52. Kd4 Rg4+ 53. Kd5 Rg3 54. Kd4 Rh3 55. Kc4 Rh5 56. Nc5 Rh6 57. Bd2 Rd6 58. Ba5 Kg4 59. Bc7 Rc6 60. Be5 Rc8 61. Kb4 Rc6 62. Kc4 f5 63. Kd5 Rh6 64. Kd4 Kf3 65. Kd5 Ke3 66. Bd4+ Kf4 67. Be5+ Kg4 68. Kd4 Rb6 69. Kd5 f4 70. Nd3 f3 71. Ke4 Rb3 72. Nf2+ Kg5 73. Bf4+ Kf6 74. Be3 Ke6 1/2-1/2

[Event "LSS-Remote email"]
[Site "Remote email"]
[Date "2013.02.10"]
[Round "?.5"]
[White "Rocca, Horacio Daniel"]
[Black "Penzler, Frank"]
[Result "1/2-1/2"]
[WhiteElo "2457"]
[BlackElo "2391"]
[PlyCount "58"]
[EventDate "2013.??.??"]
[EventType "team-match (corr)"]
[EventRounds "2"]
[EventCountry "GER"]
[SourceTitle "Corr 2015"]
[Source "ChessBase"]
[SourceDate "2015.07.17"]
[SourceVersion "1"]
[SourceVersionDate "2015.07.17"]
[SourceQuality "1"]
[WhiteTeam "LSS"]
[BlackTeam "Remote"]

1. e4 e5 2. Nf3 Nc6 3. Bb5 a6 4. Ba4 Nf6 5. 0-0 Be7 6. Re1 b5 7. Bb3 d6 8. c3 0-0 9. h3 Nb8 10. d4 Nbd7 11. Nbd2 Bb7 12. Bc2 Re8 13. Nf1 Bf8 14. Ng3 g6 15. a4 c5 16. d5 c4 17. Be3 Qc7 18. Qe2 Nc5 19. Ra3 Nfd7 20. Nh2 h5 21. Nf3 Nb6 22. Bxc5 dxc5 23. Nf1 Bh6 24. Raa1 Qd8 25. Ne3 Nc8 26. Kh2 Nd6 27. Nd2 Qd7 28. Red1 Bf4+ 29. Kg1 Bh6 1/2-1/2

[Event "BL-Remote email"]
[Site "Remote email"]
[Date "2013.02.10"]
[Round "?.5"]
[White "Rudyak, Ivan Dmitrievich"]
[Black "Penzler, Frank"]
[Result "1/2-1/2"]
[WhiteElo "2400"]
[BlackElo "2391"]
[PlyCount "79"]
[EventDate "2013.??.??"]
[EventType "team-match (corr)"]
[EventRounds "2"]
[EventCountry "GER"]
[SourceTitle "Corr 2015"]
[Source "ChessBase"]
[SourceDate "2015.07.17"]
[SourceVersion "1"]
[SourceVersionDate "2015.07.17"]
[SourceQuality "1"]
[WhiteTeam "Bestlogic"]
[BlackTeam "Remote"]

1. e4 e5 2. Nf3 Nc6 3. Bb5 a6 4. Ba4 Nf6 5. 0-0 Be7 6. Re1 b5 7. Bb3 d6 8. c3 0-0 9. h3 Nb8 10. d4 Nbd7 11. Nbd2 Bb7 12. Bc2 Re8 13. Nf1 Bf8 14. Ng3 g6 15. b3 Bg7 16. d5 Rc8 17. Be3 c6 18. c4 Nb6 19. Qe2 cxd5 20. cxd5 Nbxd5 21. exd5 Nxd5 22. Rac1 Nxe3 23. fxe3 d5 24. Bb1 Rxc1 25. Rxc1 e4 26. Nd4 Qg5 27. Qe1 f5 28. Rd1 Be5 29. Nf1 f4 30. exf4 Qxf4 31. Qe3 Qf8 32. a4 b4 33. Ng3 Qf6 34. Nge2 Rf8 35. g3 a5 36. Nf4 Rf7 37. h4 Bxf4 38. Qxf4 Qxf4 39. gxf4 Rxf4 40. Ne6 1/2-1/2

[Event "Remote email"]
[Site "Remote email"]
[Date "2013.01.15"]
[Round "?"]
[White "Dietrich, Udo"]
[Black "Penzler, Frank"]
[Result "1/2-1/2"]
[WhiteElo "2452"]
[BlackElo "2490"]
[PlyCount "62"]
[EventDate "2013.??.??"]
[EventType "tourn (corr)"]
[EventRounds "6"]
[EventCountry "GER"]
[SourceTitle "Corr 2015"]
[Source "ChessBase"]
[SourceDate "2015.07.17"]
[SourceVersion "1"]
[SourceVersionDate "2015.07.17"]
[SourceQuality "1"]

1. d4 d5 2. c4 c6 3. Nf3 Nf6 4. Nc3 e6 5. e3 Nbd7 6. Qc2 Bd6 7. Bd3 0-0 8. 0-0 dxc4 9. Bxc4 b5 10. Be2 Bb7 11. Rd1 Qc7 12. e4 e5 13. g3 Rfe8 14. dxe5 Nxe5 15. Bg5 Neg4 16. h3 Bxg3 17. hxg4 Nxg4 18. Be3 Nxe3 19. fxe3 Re6 20. Bd3 Rf6 21. Rf1 Rh6 22. Ne2 Re8 23. a4 Ree6 24. Ned4 Reg6 25. e5 c5 26. Bxg6 Rxg6 27. Nf5 Qxe5 28. axb5 Be4 29. Nxe5 Bxe5+ 30. Kf2 Rg2+ 31. Ke1 Rxc2 1/2-1/2

[Event "Remote 4 Seasons Winter email"]
[Site "Remote email"]
[Date "2013.01.15"]
[Round "?"]
[White "Gappel, Heinz"]
[Black "Penzler, Frank"]
[Result "1-0"]
[WhiteElo "2451"]
[BlackElo "2447"]
[PlyCount "67"]
[EventDate "2013.??.??"]
[EventType "tourn (corr)"]
[EventRounds "11"]
[EventCountry "GER"]
[SourceTitle "Corr 2015"]
[Source "ChessBase"]
[SourceDate "2015.07.17"]
[SourceVersion "1"]
[SourceVersionDate "2015.07.17"]
[SourceQuality "1"]

1. e4 c5 2. Nf3 d6 3. d4 cxd4 4. Nxd4 Nf6 5. Nc3 a6 6. Be3 e5 7. Nf3 Qc7 8. a4 Be7 9. a5 0-0 10. Be2 Nbd7 11. 0-0 Nc5 12. Nd5 Nxd5 13. exd5 f5 14. c4 f4 15. Bxc5 Qxc5 16. Bd3 g6 17. Qc2 Kg7 18. h3 Bd7 19. Qd2 Qc7 20. Rfe1 Bf6 21. Rac1 Rfc8 22. b4 Qd8 23. c5 Be8 24. Be4 Bb5 25. Nh2 Be7 26. Qb2 Rc7 27. Bf3 h5 28. Nf1 Kh6 29. Nd2 dxc5 30. Ne4 cxb4 31. Qxe5 Rxc1 32. Rxc1 Qf8 33. Rc7 Qf6 34. Nxf6 1-0

[Event "Remote 4 Seasons Winter email"]
[Site "Remote email"]
[Date "2013.01.15"]
[Round "?"]
[White "Penzler, Frank"]
[Black "Tauscher, Karl"]
[Result "1/2-1/2"]
[WhiteElo "2447"]
[BlackElo "2404"]
[PlyCount "85"]
[EventDate "2013.??.??"]
[EventType "tourn (corr)"]
[EventRounds "11"]
[EventCountry "GER"]
[SourceTitle "Corr 2015"]
[Source "ChessBase"]
[SourceDate "2015.07.17"]
[SourceVersion "1"]
[SourceVersionDate "2015.07.17"]
[SourceQuality "1"]

1. Nf3 c5 2. e4 e6 3. Nc3 a6 4. d4 cxd4 5. Nxd4 Qc7 6. Bd3 Nf6 7. 0-0 b5 8. Qe2 b4 9. Nd5 exd5 10. exd5+ Kd8 11. Bg5 Bb7 12. Rae1 Kc8 13. Bxf6 gxf6 14. Qe8+ Qd8 15. Qxf7 Bc5 16. Nb3 Bd6 17. Re4 Qf8 18. Qh5 Be5 19. c4 a5 20. Rxe5 fxe5 21. Qxe5 Rg8 22. Nd4 Na6 23. Nf5 Kd8 24. Nd6 Nc5 25. Bxh7 Rg7 26. Bc2 Qe7 27. Qf4 Rg8 28. h4 Rf8 29. Nf5 d6 30. Qxd6+ Qxd6 31. Nxd6 Kc7 32. Nxb7 Kxb7 33. h5 Rf4 34. b3 Rh8 35. g3 Rf3 36. Bd1 Rd3 37. g4 Kb6 38. Kg2 Rg8 39. h6 Rxd1 40. Rxd1 Rxg4+ 41. Kf3 Rh4 42. Rg1 Rxh6 43. Ke3 1/2-1/2

[Event "Remote email"]
[Site "Remote email"]
[Date "2012.12.26"]
[Round "?"]
[White "Allerberger, Peter"]
[Black "Penzler, Frank"]
[Result "1-0"]
[WhiteElo "2520"]
[BlackElo "2447"]
[PlyCount "151"]
[EventDate "2012.??.??"]
[EventType "tourn (corr)"]
[EventRounds "6"]
[EventCountry "GER"]
[SourceTitle "Corr 2015"]
[Source "ChessBase"]
[SourceDate "2015.07.17"]
[SourceVersion "1"]
[SourceVersionDate "2015.07.17"]
[SourceQuality "1"]

1. Nf3 d5 2. d4 c6 3. c4 Nf6 4. Nc3 e6 5. e3 Nbd7 6. Qc2 Bd6 7. Bd3 0-0 8. 0-0 dxc4 9. Bxc4 b5 10. Be2 Bb7 11. Rd1 Qc7 12. e4 e5 13. g3 Rfe8 14. dxe5 Nxe5 15. Bg5 Neg4 16. h3 Bxg3 17. hxg4 Nxg4 18. Be3 Nxe3 19. fxe3 Re6 20. Bd3 Rf6 21. Rf1 Rh6 22. Kg2 Be5 23. Kf2 Bg3+ 24. Ke2 Rd8 25. Rac1 Qe7 26. Nd1 Rh5 27. a4 g6 28. Nf2 a6 29. Rh1 Rxh1 30. Nxh1 Bb8 31. Nf2 h5 32. Qb3 Re8 33. Bb1 c5 34. axb5 axb5 35. Qxb5 Bd6 36. Bd3 Rb8 37. Qc4 Bc6 38. Qc3 Qb7 39. Rb1 Bf8 40. Qc2 Kh8 41. b3 Qc7 42. Bc4 Bg7 43. Bd5 Bb5+ 44. Nd3 Rf8 45. Kf2 Bxd3 46. Qxd3 Bf6 47. Qc4 Kg7 48. Rc1 h4 49. e5 Bxe5 50. Qxh4 Rd8 51. Qc4 Bf6 52. Qxc5 Qb8 53. b4 Rd6 54. b5 Rb6 55. Qc7 Qxc7 56. Rxc7 Rxb5 57. Rxf7+ Kh6 58. Rxf6 Rxd5 59. e4 Ra5 60. e5 Kg7 61. Rd6 Kf8 62. Kg3 Kf7 63. Kf4 Ra1 64. Kg4 Rh1 65. Ra6 Rf1 66. Ng5+ Ke7 67. Ra7+ Kd8 68. e6 Rg1+ 69. Kf4 Rb1 70. Ne4 Rb4 71. Ke5 Rb5+ 72. Kd6 Rb6+ 73. Kd5 Kc8 74. Nd6+ Kb8 75. e7 Kxa7 76. Nc8+ 1-0

[Event "Remote S7E Pro-159 email"]
[Site "Remote email"]
[Date "2012.12.17"]
[Round "?"]
[White "Penzler, Frank"]
[Black "Teske, Heike"]
[Result "1-0"]
[WhiteElo "2498"]
[BlackElo "2236"]
[PlyCount "97"]
[EventDate "2012.??.??"]
[EventType "tourn (corr)"]
[EventRounds "6"]
[EventCountry "GER"]
[SourceTitle "Corr 2015"]
[Source "ChessBase"]
[SourceDate "2015.07.17"]
[SourceVersion "1"]
[SourceVersionDate "2015.07.17"]
[SourceQuality "1"]

1. e4 e5 2. Nf3 Nc6 3. Bb5 Bc5 4. 0-0 Nd4 5. Nxd4 Bxd4 6. c3 Bb6 7. Na3 c6 8. Be2 Nf6 9. d3 d5 10. exd5 Nxd5 11. Nc4 Bc7 12. Re1 0-0 13. a4 Be6 14. Bf1 Qf6 15. Qe2 Nf4 16. Bxf4 exf4 17. d4 Rad8 18. Nd2 Qh6 19. h3 Rfe8 20. b4 Kf8 21. Qd3 Ke7 22. b5 c5 23. Qc4 Qh5 24. Nb3 Kf8 25. Qxc5+ Qxc5 26. Nxc5 b6 27. Nd3 Bd6 28. a5 Re7 29. axb6 axb6 30. Ra6 Rc7 31. Rc1 Rb8 32. Nb2 f3 33. Na4 Bb4 34. gxf3 Ba5 35. c4 Bc8 36. Rxa5 bxa5 37. c5 Rd7 38. Rd1 Rd5 39. c6 f5 40. b6 Rd6 41. d5 f4 42. c7 Rb7 43. Bb5 Rdxb6 44. Nxb6 Rxb6 45. d6 Rxb5 46. d7 Rg5+ 47. Kh2 Bxd7 48. Rxd7 Rc5 49. Rd8+ 1-0

[Event "Remote-chT2 Bd.2/1 email"]
[Site "Remote email"]
[Date "2012.11.06"]
[Round "?"]
[White "Hoch, Hubertus"]
[Black "Penzler, Frank"]
[Result "1/2-1/2"]
[WhiteElo "2346"]
[BlackElo "2493"]
[PlyCount "90"]
[EventDate "2012.??.??"]
[EventType "tourn (corr)"]
[EventRounds "8"]
[EventCountry "GER"]
[SourceTitle "Corr 2015"]
[Source "ChessBase"]
[SourceDate "2015.07.17"]
[SourceVersion "1"]
[SourceVersionDate "2015.07.17"]
[SourceQuality "1"]

1. b4 e5 2. Bb2 Bxb4 3. Bxe5 Nf6 4. e3 0-0 5. Nf3 d5 6. Bb2 c5 7. Be2 Bf5 8. 0-0 Nc6 9. d3 Re8 10. Nbd2 d4 11. a3 Ba5 12. e4 Be6 13. Nb3 Bb6 14. a4 Rc8 15. Ba3 c4 16. Nc5 Bxc5 17. Bxc5 Bg4 18. Ba3 Ne5 19. Nxe5 Bxe2 20. Qxe2 Rxe5 21. Qd2 Qd7 22. f3 h6 23. Rfb1 b6 24. Bb4 Rg5 25. Rf1 a5 26. Ba3 Rg6 27. Bc1 Nh5 28. Qd1 cxd3 29. cxd3 Rc3 30. Ra2 Rgc6 31. Bd2 R3c5 32. Qb1 Qc7 33. f4 Nf6 34. h3 Nd7 35. Rb2 Rc2 36. Rxc2 Rxc2 37. Rf2 Qc6 38. Qb3 h5 39. Re2 Nf8 40. Kf2 Ne6 41. Ke1 Rc5 42. f5 Nf8 43. Rf2 Nd7 44. Ke2 Qc7 45. Rf1 Qg3 1/2-1/2

[Event "Remote-chT2 Bd.2/1 email"]
[Site "Remote email"]
[Date "2012.11.06"]
[Round "?"]
[White "Neumann, Andreas"]
[Black "Penzler, Frank"]
[Result "0-1"]
[WhiteElo "2160"]
[BlackElo "2490"]
[PlyCount "60"]
[EventDate "2012.??.??"]
[EventType "tourn (corr)"]
[EventRounds "8"]
[EventCountry "GER"]
[SourceTitle "Corr 2015"]
[Source "ChessBase"]
[SourceDate "2015.07.17"]
[SourceVersion "1"]
[SourceVersionDate "2015.07.17"]
[SourceQuality "1"]

1. e4 c5 2. Nf3 Nc6 3. d4 cxd4 4. Nxd4 Nf6 5. Nc3 e5 6. Ndb5 d6 7. Nd5 Nxd5 8. exd5 Nb8 9. c4 Be7 10. Bd3 a6 11. Nc3 0-0 12. Be3 f5 13. 0-0 Nd7 14. f3 Bg5 15. Bf2 Qf6 16. a3 Qh6 17. Kh1 Nf6 18. Qc2 e4 19. fxe4 Ng4 20. Bg1 Be3 21. h3 Bxg1 22. Kxg1 Ne5 23. Rf2 f4 24. Be2 Bxh3 25. gxh3 Qxh3 26. Bf1 Qg3+ 27. Rg2 Qe3+ 28. Kh1 Rf6 29. Nd1 Qh3+ 30. Kg1 Qh5 0-1

[Event "Remote-chT2 Bd.2/1 email"]
[Site "Remote email"]
[Date "2012.11.06"]
[Round "?"]
[White "Penzler, Frank"]
[Black "Figura, Atila Gajo"]
[Result "0-1"]
[WhiteElo "2447"]
[BlackElo "2377"]
[PlyCount "132"]
[EventDate "2012.??.??"]
[EventType "tourn (corr)"]
[EventRounds "8"]
[EventCountry "GER"]
[SourceTitle "Corr 2015"]
[Source "ChessBase"]
[SourceDate "2015.07.17"]
[SourceVersion "1"]
[SourceVersionDate "2015.07.17"]
[SourceQuality "1"]

1. e4 e5 2. Nf3 Nc6 3. Bb5 a6 4. Bxc6 dxc6 5. 0-0 Qd6 6. Na3 b5 7. c3 c5 8. Nc2 Bb7 9. Re1 Ne7 10. a4 b4 11. Qe2 Nc6 12. Ne3 Qd7 13. d3 f6 14. Nc4 Be7 15. Nh4 0-0 16. Nf5 Rfd8 17. f4 Bf8 18. fxe5 Qxd3 19. exf6 Qxe2 20. Rxe2 Rd1+ 21. Kf2 gxf6 22. Nfe3 Rh1 23. Nd5 Kf7 24. Nxc7 Rc8 25. Nd5 a5 26. b3 bxc3 27. Rc2 Nd4 28. Rxc3 Re8 29. Nxf6 Kxf6 30. Bg5+ Kxg5 31. Rxh1 Rxe4 32. Rg3+ Kf6 33. Re1 Rf4+ 34. Kg1 Bd5 35. Rd3 Bh6 36. Nxa5 Rg4 37. Rf1+ Ke6 38. Rf2 Re4 39. Kf1 Bf4 40. Nc4 Nxb3 41. Nb6 Nd4 42. g3 Bd6 43. Nxd5 Kxd5 44. Rf7 c4 45. Rc3 Bb4 46. Rd7+ Kc5 47. Rc7+ Nc6 48. Rf3 Kb6 49. Rxh7 c3 50. Rf2 Re1+ 51. Kg2 Nd4 52. Rh8 Bc5 53. h4 c2 54. Rxc2 Nxc2 55. Rg8 Ne3+ 56. Kf3 Nc4 57. Kf4 Kc6 58. Kg5 Ne5 59. a5 Kd5 60. g4 Rh1 61. Rd8+ Ke6 62. Re8+ Be7+ 63. Kf4 Rxh4 64. Rg8 Rh3 65. Ke4 Ra3 66. Kd4 Rxa5 0-1